00826nam a2200241 a 45000010005000000030008000050050017000130080041000300200015000710200022000860350018001080400037001260410008001630820025001711000019001962450113002152600067003283000026003954900069004215040051004906500022005417000021005635825BD-RjUL20211208234133.0140107r19691968enk 00110 eng d a0080129633 a0080129625 (pbk.) a(BD-RjUL)5864 dNUNdXNTUaBD-RjULbengcBD-RjUL aeng0 a361.32220bFOA 196910aForen, Robert.10aAuthority in social casework /cby Robert Foren and Royston Bailey ; with a foreword by Elizabeth E. Irvine.0 aOxford ;aNew York :bPergamon Press,cc1968 [REPRINTED 1969]. axxi, 310 p. ;c20 cm.0 aThe Commonwealth and international library. Social work division aIncludes bibliographical references and index. 0aSocial case work.10aBailey, Royston,